| 000 | 00966cam a22003257a 4500 | ||
|---|---|---|---|
| 003 | CHAP | ||
| 005 | 20220817043248.0 | ||
| 008 | 971013s1951 r 00010 d | ||
| 010 | _a69842 | ||
| 011 | _a70814 | ||
| 035 | _a80367 | ||
| 040 | _cCHAP | ||
| 090 | _aFolleto 11770y | ||
| 100 | 0 | 0 |
_aKrolikowski, Stefan. _963961 |
| 245 | 1 | 3 | _aLa despensa del mundo |
| 260 |
_aBuenos Aires : _bSudamericana, _c1951 |
||
| 300 |
_a69 p. _b: ilus. |
||
| 490 | 0 |
_aSer. A. Los hombres y sus alimentos _v; vol.6 |
|
| 500 | _aD18-122 | ||
| 590 |
_aBATCH-UPD _b10 _c20130110 _lUCH01 _h0458 |
||
| 590 |
_aBATCH-UPD _b10 _c20130110 _lUCH01 _h2148 |
||
| 590 |
_aCONVERSION _b10 _c20130109 _lUCH01 _h1338 |
||
| 650 | 1 | 4 |
_aAlimentos _xAbastecimiento. |
| 650 | 1 | 4 |
_aAlimentos _xConsumo. _94181 |
| 710 | _aUNESCO | ||
| 830 | 0 |
_aSer. A. Los hombres y sus alimentos _v; vol.6 _9104515 |
|
| 901 | _aBK | ||
| 942 | _cFOLL | ||
| 949 |
_aFolleto 11770y _bBC _cFOLL _d-33269 _eTS1 _i80367 _mD _si |
||
| 999 |
_c69842 _d69842 |
||